| 000 | 00525 a2200157 4500 | ||
|---|---|---|---|
| 999 |
_c12880 _d12880 |
||
| 003 | OSt | ||
| 005 | 20240801110732.0 | ||
| 008 | 240801b ||||| |||| 00| 0 eng d | ||
| 020 | _a 978-1786275110 | ||
| 082 | _a745.2 | ||
| 100 | _aBjarki Hallgrimsson | ||
| 245 | _aPrototyping and Modelmaking for Product Design: Second Edition (Essential reading for students and design professionals, digital processes, 3D printing, product development) | ||
| 260 |
_bLaurence King Publishing _c2019 |
||
| 300 | _a207p; | ||
| 942 | _2ddc | ||